Normal view
MARC view
- Transportation, Automotive
Entry Topical Term
001 - CONTROL NUMBER
- control field: 38524
003 - CONTROL NUMBER IDENTIFIER
- control field: NUST
005 - DATE AND TIME OF LATEST TRANSACTION
- control field: 20210314130744.0
008 - FIXED-LENGTH DATA ELEMENTS
- fixed length control field: 210314|| aca||aabn | a|a d
040 ## - CATALOGING SOURCE
- Original cataloging agency: NUST
- Transcribing agency: NUST
150 ## - HEADING--TOPICAL TERM
- Topical term or geographic name entry element: Transportation, Automotive
- General subdivision: Management
670 ## - SOURCE DATA FOUND
- Source citation: Work cat.: (NUST): National Research Council (U.S) 20017, Finance, planning, programming, economic analysis, and land development, 1991., 1991.
